[Event "18th American Continental"]
[Site "Foz do Iguacu BRA"]
[Date "2025.05.23"]
[Round "1.28"]
[White "Proudian, Armen"]
[Black "Arias Diaz, Javier Alonso"]
[Result "1-0"]
[WhiteTitle "FM"]
[WhiteElo "2410"]
[BlackElo "1962"]
[WhiteFideId "2130734"]
[BlackFideId "3441318"]
[EventDate "2025.05.23"]

1. e4 e6 2. d4 d5 3. exd5 exd5 4. Bd3 Nf6 5. h3 c5 6. c3 c4 7. Bc2 Bd6 8. Qf3
O-O 9. Ne2 Re8 10. O-O Ne4 11. Bf4 Qf6 12. Bxd6 Qxf3 13. gxf3 Nxd6 14. Nf4 Be6
15. h4 Nd7 16. Re1 Bf5 17. Na3 Bxc2 18. Nxc2 Nf5 19. Nxd5 Nxh4 20. Re3 Rxe3 21.
Ncxe3 Nxf3+ 22. Kg2 Nh4+ 23. Kg3 Ng6 24. Nxc4 Re8 25. a4 Re2 26. Kf3 Re6 27. a5
Nh4+ 28. Kg4 Re4+ 29. f4 Ng6 30. Kf3 Re6 31. Ra4 Nf6 32. Nce3 Nh4+ 33. Kg3 Nf5+
34. Nxf5 Nxd5 35. Rc4 h5 36. Rc5 Nf6 37. Rc8+ Kh7 38. Rc7 Ne4+ 39. Kh3 Rf6 40.
Ng3 Nf2+ 41. Kg2 Nd3 42. Nxh5 Rh6 43. Ng3 Nxf4+ 44. Kf3 Nd5 45. Rxb7 Ra6 46. c4
Rf6+ 47. Ke4 Nf4 48. d5 Ng6 49. Nf5 Nf8 50. c5 g6 51. Nd6 1-0

[Event "18th American Continental"]
[Site "Foz do Iguacu BRA"]
[Date "2025.05.23"]
[Round "1.29"]
[White "Cezar, Ricardo De Almeida"]
[Black "Perez Gormaz, Matias"]
[Result "0-1"]
[BlackTitle "IM"]
[WhiteElo "1962"]
[BlackElo "2408"]
[WhiteFideId "2172968"]
[BlackFideId "3406342"]
[EventDate "2025.05.23"]

1. d4 Nf6 2. c4 e6 3. Nc3 Bb4 4. Qc2 d6 5. a3 Bxc3+ 6. Qxc3 b6 7. Bg5 Nbd7 8. e3
h6 9. Bh4 g5 10. Bg3 Ne4 11. Qc2 Bb7 12. Ne2 c5 13. Rd1 cxd4 14. Nxd4 a6 15. f3
Nxg3 16. hxg3 Qf6 17. Be2 h5 18. e4 Qe5 19. Kf2 O-O-O 20. Qd2 Nf6 21. Nc2 Bxe4
22. Nd4 Bb7 23. b4 Rhg8 24. f4 gxf4 25. gxf4 Rxg2+ 0-1

[Event "18th American Continental"]
[Site "Foz do Iguacu BRA"]
[Date "2025.05.23"]
[Round "1.30"]
[White "Schnaider, Ilan"]
[Black "Da Luz, Felipe Garcia"]
[Result "1-0"]
[WhiteTitle "IM"]
[WhiteElo "2388"]
[BlackElo "1961"]
[WhiteFideId "169013"]
[BlackFideId "2158809"]
[EventDate "2025.05.23"]

1. d4 Nf6 2. Nc3 d5 3. Bf4 a6 4. e3 e6 5. g4 c5 6. g5 Nfd7 7. Qg4 Nc6 8. O-O-O
Qa5 9. Qg3 cxd4 10. exd4 Bb4 11. Bc7 b6 12. Nge2 Bb7 13. Kb1 O-O 14. a3 Bxc3 15.
Nxc3 Rfc8 16. Qd6 Nf8 17. Rd3 Nxd4 18. Bxb6 Nf5 19. Qxf8+ Rxf8 20. Bxa5 d4 21.
Rg1 dxc3 22. Bxc3 Rfd8 23. Rg4 Bd5 24. b3 Nd6 25. f3 Rac8 26. Ba5 Rd7 27. c4 Bc6
28. Rgd4 Nb7 29. Rxd7 Bxd7 30. Rxd7 Nxa5 31. b4 Nc6 32. c5 Ne5 33. Bxa6 Ra8 34.
Bb7 Rb8 35. Rc7 Kf8 36. b5 1-0

[Event "18th American Continental"]
[Site "Foz do Iguacu BRA"]
[Date "2025.05.23"]
[Round "1.31"]
[White "Andrade, Roberto Luiz Costa"]
[Black "Lima, Darcy"]
[Result "0-1"]
[WhiteTitle "FM"]
[BlackTitle "GM"]
[WhiteElo "1959"]
[BlackElo "2380"]
[WhiteFideId "2101521"]
[BlackFideId "2100045"]
[EventDate "2025.05.23"]

1. e4 d6 2. d4 Nf6 3. Nc3 g6 4. f4 Bg7 5. Nf3 O-O 6. Bd3 Nc6 7. e5 dxe5 8. dxe5
Nd5 9. Nxd5 Qxd5 10. Qe2 Bf5 11. Bxf5 gxf5 12. Be3 f6 13. O-O fxe5 14. Rfd1 Qe6
15. Ng5 Qg6 16. Rd7 Kh8 17. Qc4 Bf6 18. Ne6 Rg8 19. g3 Qh5 20. Rf1 Rg4 21. Rf2
Rag8 22. Rg2 exf4 23. Bxf4 Ne5 24. Qxc7 Nxd7 25. Qxd7 b6 26. Qd3 Rc8 27. c3 Rgg8
28. Rd2 Rc6 29. Qd7 Qe8 30. Qd5 Qc8 31. Re2 Qa6 32. Re3 Qc4 33. Qd7 Rcc8 34. b3
Qc6 35. Qd3 Rg6 36. Qxf5 Qd7 37. Qc2 Kg8 38. Qe2 Rxc3 39. Rxc3 Bxc3 40. Nc7 Bd4+
41. Kg2 e5 42. Bxe5 Qc6+ 43. Kh3 Rh6+ 44. Kg4 Qd7+ 45. Kf3 Qc6+ 46. Kg4 Qd7+ 47.
Kf3 Bxe5 48. Qxe5 Rxh2 49. Nd5 Qf7+ 50. Nf4 Rh6 51. Qg5+ Rg6 52. Qd8+ Kg7 53.
Qd4+ Kh6 54. Qe5 Qf6 55. Qh5+ Kg7 56. Kg2 Qxf4 57. Qxg6+ Kxg6 58. gxf4 h6 59.
Kg3 h5 60. Kh4 Kf5 61. Kxh5 Kxf4 62. Kg6 Ke4 63. Kf6 0-1

[Event "18th American Continental"]
[Site "Foz do Iguacu BRA"]
[Date "2025.05.23"]
[Round "1.32"]
[White "Lopez Silva, Hugo"]
[Black "Kaneda, Eric Kazuichi"]
[Result "1-0"]
[WhiteTitle "IM"]
[WhiteElo "2380"]
[BlackElo "1949"]
[WhiteFideId "3403874"]
[BlackFideId "2141337"]
[EventDate "2025.05.23"]

1. e4 c6 2. d4 d5 3. exd5 cxd5 4. Bd3 Nc6 5. c3 Nf6 6. Bf4 Bg4 7. Qb3 Qd7 8. Nd2
e6 9. Ngf3 Bxf3 10. Nxf3 Bd6 11. Bxd6 Qxd6 12. O-O O-O 13. Rae1 Rac8 14. Ne5 Na5
15. Qa4 Qc7 16. f4 a6 17. f5 b5 18. Qc2 Nc6 19. Qf2 b4 20. Qh4 bxc3 21. bxc3
exf5 22. Bxf5 Rce8 23. Ng4 1-0

[Event "18th American Continental"]
[Site "Foz do Iguacu BRA"]
[Date "2025.05.23"]
[Round "1.33"]
[White "Hernandez Bermudez, Manuela"]
[Black "Spata, German"]
[Result "0-1"]
[WhiteTitle "WFM"]
[BlackTitle "FM"]
[WhiteElo "1947"]
[BlackElo "2376"]
[WhiteFideId "4483103"]
[BlackFideId "113026"]
[EventDate "2025.05.23"]

1. e4 c5 2. Nf3 d6 3. d4 cxd4 4. Nxd4 Nf6 5. Nc3 a6 6. Bg5 e6 7. f4 h6 8. Bh4
Qb6 9. a3 Be7 10. Bf2 Qc7 11. Qf3 Nbd7 12. O-O-O b5 13. h4 h5 14. Bd3 Bb7 15.
Rhe1 Nc5 16. Kb1 Rc8 17. Qe2 Ng4 18. Bg3 Qb6 19. Nd5 exd5 20. exd5 Qd8 21. Nf5
Rc7 22. Nxg7+ Kf8 23. Nxh5 Nf6 24. Nxf6 Bxf6 25. Bf5 Bxb2 26. Bf2 Bg7 27. Bxc5
Rxc5 28. Qe4 Rc4 29. Qe2 Rxf4 30. Rf1 Qf6 0-1

[Event "18th American Continental"]
[Site "Foz do Iguacu BRA"]
[Date "2025.05.23"]
[Round "1.34"]
[White "Filgueiras, Nathan Felipe"]
[Black "Nunes, Agatha Hurba"]
[Result "1-0"]
[WhiteTitle "IM"]
[BlackTitle "WFM"]
[WhiteElo "2370"]
[BlackElo "1947"]
[WhiteFideId "2188562"]
[BlackFideId "2114852"]
[EventDate "2025.05.23"]

1. e4 e6 2. d4 d5 3. e5 c5 4. c3 Nc6 5. Nf3 Nge7 6. Na3 cxd4 7. cxd4 Nf5 8. Nc2
Be7 9. Bd3 Qb6 10. O-O Bd7 11. Rb1 a5 12. a3 a4 13. Be2 Na5 14. g4 Nh4 15. Nxh4
Bxh4 16. Be3 Be7 17. f4 g6 18. Bd3 h5 19. f5 gxf5 20. gxf5 exf5 21. Qf3 Qg6+ 22.
Kh1 Qg4 23. Bxf5 Qxf3+ 24. Rxf3 Be6 25. Rbf1 Rc8 26. Bd3 Nc4 27. Bc1 Kd7 28. Ne3
b5 29. Ng2 Rcf8 30. Nf4 h4 31. R3f2 Rhg8 32. Bc2 Rh8 33. Bd1 Rfg8 34. Nh5 Rc8
35. Be2 Rhf8 36. Ng7 Rg8 37. Nf5 Rh8 38. Nh6 Rhf8 39. Nxf7 Bxf7 40. Rxf7 Rxf7
41. Bg4+ Ke8 42. Bh5 Kd8 43. Bxf7 Nb6 44. Bd2 Nc4 45. Bc3 Ne3 46. Rf3 b4 47.
axb4 Bg5 48. Bd2 1-0

[Event "18th American Continental"]
[Site "Foz do Iguacu BRA"]
[Date "2025.05.23"]
[Round "1.35"]
[White "Pimenta, Jeronimo Marques"]
[Black "Ticona Rocabado, Licael Roderick"]
[Result "0-1"]
[BlackTitle "IM"]
[WhiteElo "1946"]
[BlackElo "2359"]
[WhiteFideId "2116448"]
[BlackFideId "3319113"]
[EventDate "2025.05.23"]

1. d4 d5 2. c4 e6 3. Nc3 c6 4. Nf3 Nf6 5. e3 Bd6 6. Qc2 O-O 7. Bd3 Nbd7 8. O-O
Re8 9. e4 dxe4 10. Nxe4 Nxe4 11. Bxe4 Nf6 12. Bd3 c5 13. Rd1 cxd4 14. Nxd4 Qe7
15. h3 e5 16. Nb5 Bc5 17. Bg5 e4 18. Bxf6 exd3 19. Bxe7 dxc2 20. Bxc5 cxd1=Q+
21. Rxd1 Be6 22. Nc7 Red8 23. Re1 Rac8 24. Nxe6 fxe6 25. Bxa7 Rc6 26. c5 Rd2 27.
Bb6 Rxb2 28. Rd1 Rc8 29. Rd7 Rf8 30. f3 Rf5 31. Rxb7 Rg5 32. g4 Rd5 33. Rb8+ Kf7 0-1

[Event "18th American Continental"]
[Site "Foz do Iguacu BRA"]
[Date "2025.05.23"]
[Round "1.36"]
[White "Umetsubo, Cesar Hidemitsu"]
[Black "De Oliveira, Jairo Quintiliano"]
[Result "1-0"]
[WhiteTitle "IM"]
[WhiteElo "2359"]
[BlackElo "1942"]
[WhiteFideId "2103400"]
[BlackFideId "22792503"]
[EventDate "2025.05.23"]

1. d4 d5 2. c4 c6 3. Nf3 Nf6 4. Nc3 e6 5. Bg5 Nbd7 6. cxd5 exd5 7. e3 Be7 8. Bd3
O-O 9. Qc2 Re8 10. h3 Nf8 11. Bf4 Bd6 12. Bxd6 Qxd6 13. O-O-O a5 14. g4 Qe7 15.
Kb1 Ne4 16. Bxe4 dxe4 17. Nd2 f5 18. gxf5 Bxf5 19. f3 Qg5 20. fxe4 Bg6 21. Rde1
Qg2 22. h4 h5 23. Reg1 Qf2 24. Nc4 Qxc2+ 25. Kxc2 b5 26. Nd2 b4 27. Na4 Bxe4+
28. Nxe4 Rxe4 29. Kd3 Re6 30. Rg5 g6 31. Rhg1 Kf7 32. Nb6 Rb8 33. Nc4 Rb5 34.
Nxa5 Rxg5 35. Rxg5 Nh7 36. Rc5 1-0

[Event "18th American Continental"]
[Site "Foz do Iguacu BRA"]
[Date "2025.05.23"]
[Round "1.37"]
[White "Gonzalez, Augusto"]
[Black "Melian, Juan Sebastian"]
[Result "1/2-1/2"]
[BlackTitle "FM"]
[WhiteElo "1937"]
[BlackElo "2358"]
[WhiteFideId "3702529"]
[BlackFideId "3706575"]
[EventDate "2025.05.23"]

1. d4 Nf6 2. c4 e6 3. Nc3 Bb4 4. e3 O-O 5. Bd3 b6 6. Nf3 Bb7 7. O-O c5 8. Bd2
cxd4 9. exd4 Be7 10. Qe2 d5 11. cxd5 Nxd5 12. Qe4 g6 13. Bh6 Re8 14. Bb5 Nd7 15.
Nxd5 Bxd5 16. Qf4 f6 17. Rac1 a6 18. Bc6 Bxc6 19. Rxc6 Nf8 20. Rfc1 Ra7 21. h3
b5 22. R1c2 Qd5 23. b3 Rd8 24. Rc7 Rxc7 25. Rxc7 Rd7 26. Rc8 Rd8 27. Rc7 Rd7 28.
Rc8 Rd8 29. Rc7 1/2-1/2

[Event "18th American Continental"]
[Site "Foz do Iguacu BRA"]
[Date "2025.05.23"]
[Round "1.38"]
[White "Campos Gomez, Manuel"]
[Black "Cella, Glaucio Dalla Cortt"]
[Result "1-0"]
[WhiteTitle "IM"]
[WhiteElo "2355"]
[BlackElo "1936"]
[WhiteFideId "4444710"]
[BlackFideId "2119455"]
[EventDate "2025.05.23"]

1. c4 Nf6 2. Nc3 e6 3. e4 d5 4. cxd5 exd5 5. e5 d4 6. exf6 dxc3 7. Bb5+ c6 8.
Qe2+ Be6 9. Bc4 Qxf6 10. dxc3 Bc5 11. Bxe6 Qxe6 12. Qxe6+ fxe6 13. Bg5 Nd7 14.
Nf3 Be7 15. O-O-O Ne5 16. Bxe7 Nxf3 17. Ba3 Nh4 18. Rhe1 Nxg2 19. Rxe6+ Kf7 20.
Re7+ Kf6 21. Rg1 c5 22. Rxb7 Nf4 23. Rgxg7 c4 24. Rbf7+ Ke5 25. Rg5+ Ke4 26.
Re7+ Kf3 27. Rg3+ Kxf2 28. Bc5+ 1-0

[Event "18th American Continental"]
[Site "Foz do Iguacu BRA"]
[Date "2025.05.23"]
[Round "1.39"]
[White "Donoso Simonetti, Alvaro Matias"]
[Black "Matsuura, Everaldo"]
[Result "0-1"]
[BlackTitle "GM"]
[WhiteElo "1935"]
[BlackElo "2354"]
[WhiteFideId "5198194"]
[BlackFideId "2100169"]
[EventDate "2025.05.23"]

1. e4 c5 2. Nf3 Nc6 3. Bb5 g6 4. Bxc6 bxc6 5. d4 Bg7 6. dxc5 Qa5+ 7. Nbd2 Qxc5
8. O-O Nf6 9. Re1 Ng4 10. Re2 Ba6 11. c4 O-O 12. Rb1 d5 13. h3 dxe4 14. hxg4
exf3 15. gxf3 f5 16. b4 Qd6 17. Qb3 Qd7 18. g5 e5 19. Bb2 c5 20. b5 Bb7 21. Qe3
f4 22. Qxc5 Rf5 23. Ne4 Qd3 24. Rbe1 Qxf3 25. Qa3 Rxg5+ 26. Kh2 Qg2# 0-1

[Event "18th American Continental"]
[Site "Foz do Iguacu BRA"]
[Date "2025.05.23"]
[Round "1.40"]
[White "Marrujo Pardo, Mauricio Emmanuel"]
[Black "Simao, Diogo Roger De Sousa"]
[Result "1-0"]
[WhiteTitle "FM"]
[WhiteElo "2349"]
[BlackElo "1934"]
[WhiteFideId "3943755"]
[BlackFideId "2117215"]
[EventDate "2025.05.23"]

1. e4 c6 2. d4 d5 3. e5 c5 4. dxc5 Nc6 5. f4 Bf5 6. c3 e6 7. Be3 h5 8. Nf3 Nh6
9. Bb5 Qc7 10. Nd4 Be7 11. Qa4 O-O 12. Bxc6 bxc6 13. Qxc6 Qd8 14. Qa4 Be4 15.
O-O Bxc5 16. Nd2 Bd3 17. Rfe1 Ng4 18. h3 Nh6 19. Kh2 Bb6 20. Qd1 g6 21. a4 Kg7
22. N2f3 Be4 23. Ng5 Bf5 24. Bf2 Qc8 25. Bh4 Bd8 26. Re3 Rh8 27. Kg1 Ng8 28.
Nxf5+ gxf5 29. Bf2 Bxg5 30. Rg3 Ne7 31. Rxg5+ Ng6 32. Qf3 Qc4 33. Bd4 Rab8 34.
Qf2 a6 35. b4 Qd3 36. Rg3 Qc4 37. Rg5 h4 38. Kh2 Qd3 39. Re1 Qc4 40. Qe3 Qb3 41.
Bc5 Rb7 42. a5 Qa4 43. Qe2 Qc6 44. Rg1 Rh6 45. g4 hxg3+ 46. R1xg3 Rd7 47. Rg2
Qb7 48. Qf2 Rd8 49. Qf3 Rdh8 50. R5g3 R8h7 51. c4 Kh8 52. cxd5 exd5 53. e6 fxe6
54. Bd4+ 1-0

[Event "18th American Continental"]
[Site "Foz do Iguacu BRA"]
[Date "2025.05.23"]
[Round "1.41"]
[White "Caceres Benitez, Fernando Israel"]
[Black "Rojas Salas, Steven"]
[Result "0-1"]
[BlackTitle "IM"]
[WhiteElo "1929"]
[BlackElo "2343"]
[WhiteFideId "3710777"]
[BlackFideId "3819434"]
[EventDate "2025.05.23"]

1. e4 c5 2. Nf3 e6 3. d4 cxd4 4. Nxd4 a6 5. Bd3 Bc5 6. Nb3 Ba7 7. Qe2 Nc6 8. Be3
d6 9. Bxa7 Rxa7 10. Nc3 b5 11. O-O-O b4 12. Na4 Bd7 13. Qe3 Nge7 14. Nb6 O-O 15.
Nxd7 Qxd7 16. Kb1 Qc7 17. f4 a5 18. Bb5 e5 19. Bxc6 Nxc6 20. fxe5 dxe5 21. c3 a4
22. Nd2 Rb8 23. Rc1 Rab7 24. c4 Nd4 25. Nf3 b3 26. a3 Nc2 27. Qc3 f6 28. Rhd1
Nxa3+ 29. bxa3 b2 30. Rc2 Rb3 31. Qd2 Rxa3 32. Qd5+ Kf8 33. Rxb2 Rxb2+ 34. Kxb2
Qb6+ 35. Kc1 Ra1+ 36. Kd2 Ra2+ 0-1

[Event "18th American Continental"]
[Site "Foz do Iguacu BRA"]
[Date "2025.05.23"]
[Round "1.42"]
[White "Contreras Huaman, Fiorella"]
[Black "Silva, Adriano Da"]
[Result "1-0"]
[WhiteTitle "WIM"]
[WhiteElo "2341"]
[BlackElo "1924"]
[WhiteFideId "3824675"]
[BlackFideId "2128675"]
[EventDate "2025.05.23"]

1. e4 c5 2. Nc3 Nc6 3. g3 g6 4. Bg2 Bg7 5. d3 d6 6. Nge2 Rb8 7. a4 a6 8. O-O b5
9. axb5 axb5 10. f4 b4 11. Nd5 e6 12. Ne3 Nge7 13. f5 Ng8 14. c3 Bb7 15. fxe6
fxe6 16. Bh3 e5 17. Qb3 Nf6 18. Ng4 Bc8 19. Nxf6+ Bxf6 20. Bxc8 Rxc8 21. Bg5 c4
22. Qxc4 Qb6+ 23. Nd4 Bxg5 24. Ra6 Qc5 25. Qxc5 dxc5 26. Nxc6 bxc3 27. bxc3 Rf8
28. Rxf8+ Kxf8 29. Nxe5 Bd2 30. Ra3 Ke7 31. Kf2 Ke6 32. Nc4 Bc1 33. Ra6+ 1-0

[Event "18th American Continental"]
[Site "Foz do Iguacu BRA"]
[Date "2025.05.23"]
[Round "1.43"]
[White "Cordero, Daniela"]
[Black "Casalaspro, Mathias Andre"]
[Result "0-1"]
[WhiteTitle "WIM"]
[BlackTitle "FM"]
[WhiteElo "1923"]
[BlackElo "2319"]
[WhiteFideId "3301630"]
[BlackFideId "22772626"]
[EventDate "2025.05.23"]

1. d4 Nf6 2. Bg5 g6 3. c3 Bg7 4. Nd2 d6 5. e4 h6 6. Bh4 O-O 7. f4 c5 8. d5 Qe8
9. a4 Bd7 10. Qb3 b6 11. Be2 e6 12. Bxf6 Bxf6 13. Nc4 Qe7 14. e5 dxe5 15. d6 Qd8
16. fxe5 Bg7 17. Nf3 Bc6 18. O-O Nd7 19. Rfe1 a6 20. Bd1 Bd5 21. Qa2 b5 22. b3
bxc4 23. bxc4 Bxf3 24. Bxf3 Rb8 25. Rab1 Nxe5 26. Bb7 Qxd6 27. Red1 Qc7 28. Bxa6
Ng4 29. h3 Bxc3 30. Rxb8 Rxb8 31. Qe2 Bd4+ 32. Rxd4 cxd4 33. Qxg4 Rb1+ 34. Kf2
d3 35. Qd4 d2 0-1

[Event "18th American Continental"]
[Site "Foz do Iguacu BRA"]
[Date "2025.05.23"]
[Round "1.44"]
[White "Valdes Escobar, Alvaro"]
[Black "Oviedo Acosta, Paula"]
[Result "1-0"]
[WhiteTitle "IM"]
[BlackTitle "WFM"]
[WhiteElo "2317"]
[BlackElo "1920"]
[WhiteFideId "3405451"]
[BlackFideId "3704394"]
[EventDate "2025.05.23"]

1. c4 e5 2. Nc3 g6 3. d4 exd4 4. Qxd4 Qf6 5. Qe3+ Qe6 6. Nd5 Na6 7. Qd4 f6 8.
Nf3 c6 9. Nc3 Bc5 10. Qd1 Ne7 11. e3 Nc7 12. Nd4 Qf7 13. Ne4 Bb4+ 14. Bd2 Bxd2+
15. Qxd2 O-O 16. Nd6 Qg7 17. Be2 f5 18. O-O b6 19. Rad1 Ne8 20. Nf3 Nxd6 21.
Qxd6 Qxb2 22. Qxe7 Qxe2 23. Rd4 Rf7 24. Qe8+ Rf8 25. Qe5 Qb2 26. Ng5 h6 27. Nf3
d5 28. Qd6 Rf7 29. Qxc6 Bb7 30. Qxg6+ Rg7 31. Qe6+ Rf7 32. Ne5 1-0

[Event "18th American Continental"]
[Site "Foz do Iguacu BRA"]
[Date "2025.05.23"]
[Round "1.45"]
[White "Silva, Juliana Figueira Theophilo"]
[Black "Caceres Benitez, Arturo Eduardo"]
[Result "0-1"]
[WhiteTitle "WFM"]
[BlackTitle "FM"]
[WhiteElo "1919"]
[BlackElo "2313"]
[WhiteFideId "22781684"]
[BlackFideId "3710769"]
[EventDate "2025.05.23"]

1. d4 d5 2. c4 e6 3. Nf3 h6 4. g3 Nf6 5. Bg2 Bd6 6. Qc2 O-O 7. Nbd2 Nbd7 8. O-O
b6 9. e4 dxe4 10. Nxe4 Bb7 11. Nfd2 Qc8 12. c5 Bxe4 13. Nxe4 Be7 14. c6 Nb8 15.
Nc3 Rd8 16. Bf4 Bd6 17. Be5 Ng4 18. Bxd6 Rxd6 19. d5 Nf6 20. Nb5 Rxd5 21. Bxd5
Nxd5 22. Rac1 a5 23. a3 Na6 24. Nd4 Nc5 25. Nb3 Nxb3 26. Qxb3 Qd8 27. Rfd1 Qf6
28. Rc2 g6 29. Rcd2 Kg7 30. Qc4 Qe5 31. Qd4 Qxd4 32. Rxd4 Rd8 33. b4 axb4 34.
axb4 b5 35. Rc1 Kf6 36. Rc5 Ke5 37. Rf4 f5 38. Rxb5 Ra8 39. Rc4 Ra1+ 40. Kg2 Rb1
41. Rbc5 Rb2 42. b5 g5 43. Rc2 Rb3 44. h3 Kd6 45. Rc1 h5 46. R5c2 Rxb5 47. Ra1
Rb3 48. Ra8 h4 49. Rd8+ Ke7 50. Rd7+ Kf6 51. Rd2 hxg3 52. fxg3 Rb5 53. Rh7 Kg6
54. Rd7 Rc5 55. R2xd5 Rxd5 56. Rxc7 Kf6 57. Kf3 Rd3+ 58. Kg2 Rc3 59. Rc8 Ke5 60.
Rg8 Ke4 61. Rxg5 Rxc6 62. h4 Rc2+ 63. Kg1 Kf3 64. h5 Rc7 65. Kh2 Rf7 66. Rg6 e5
67. h6 e4 68. Rg7 Rf6 69. h7 Rh6+ 70. Kg1 e3 71. Rf7 e2 72. Rxf5+ Ke4 73. Rf4+
Ke3 0-1

[Event "18th American Continental"]
[Site "Foz do Iguacu BRA"]
[Date "2025.05.23"]
[Round "1.46"]
[White "Tomiello, Lucas Costamilan"]
[Black "Morales Flores, Monserrat"]
[Result "1-0"]
[WhiteTitle "FM"]
[BlackTitle "WCM"]
[WhiteElo "2308"]
[BlackElo "1919"]
[WhiteFideId "22701940"]
[BlackFideId "3412016"]
[EventDate "2025.05.23"]

1. e4 c5 2. Nf3 e6 3. d4 cxd4 4. Nxd4 a6 5. c4 Nf6 6. Nc3 Qc7 7. Be2 Bb4 8. Qd3
b6 9. Nc2 Be7 10. Be3 Bb7 11. O-O d6 12. Rac1 Nbd7 13. f3 O-O 14. Rfd1 Rac8 15.
Nd4 Qb8 16. b3 Rfd8 17. Qd2 Ba8 18. Bf1 Ne5 19. h3 Ng6 20. Qf2 Nh5 21. Nde2 b5
22. g4 Nf6 23. Ng3 d5 24. exd5 exd5 25. g5 Bd6 26. Nf5 Ne8 27. Nxd6 Nxd6 28.
Nxd5 Nf5 29. Ba7 Qb7 30. Bd3 Nfh4 31. Be4 Kf8 32. Bd4 Qd7 33. Kh2 Qd6+ 34. Qg3
Bxd5 35. Qxd6+ Rxd6 36. cxd5 Rcd8 37. Kg3 f5 38. gxf6 gxf6 39. Rc6 Kg7 40. Rxd6
Rxd6 41. Rc1 Rxd5 42. Bxf6+ Kxf6 43. Bxd5 Nf5+ 44. Kh2 1-0

[Event "18th American Continental"]
[Site "Foz do Iguacu BRA"]
[Date "2025.05.23"]
[Round "1.47"]
[White "Bulhoes, Benicio Rocha"]
[Black "Reyes Zavaleta, Fabian Ricardo"]
[Result "0-1"]
[BlackTitle "FM"]
[WhiteElo "1918"]
[BlackElo "2299"]
[WhiteFideId "44704879"]
[BlackFideId "3844153"]
[EventDate "2025.05.23"]

1. Nf3 Nf6 2. g3 g6 3. Bg2 Bg7 4. O-O d5 5. c4 c6 6. d4 O-O 7. Nc3 dxc4 8. e4 b5
9. Qe2 a5 10. Rd1 b4 11. Na4 Ba6 12. Nc5 Bb5 13. a4 bxa3 14. bxa3 Nfd7 15. a4
Ba6 16. Nxa6 Nxa6 17. Qxc4 Nb4 18. Be3 Qc8 19. Ra3 Qb7 20. Ne1 e5 21. Nc2 Rfd8
22. Nxb4 axb4 23. Rb3 exd4 24. Bg5 Rdc8 25. Rxb4 Qa7 26. Bf4 c5 27. Rbb1 Nb6 28.
Qb5 Nxa4 29. Ra1 Nc3 30. Qf1 Qb6 31. e5 Rxa1 32. Rxa1 c4 33. Bd2 Qb2 34. Bxc3
Qxc3 35. Bd5 d3 36. Ra7 d2 37. Rxf7 Kh8 38. Rd7 Qc1 39. Bxc4 Rxc4 40. Rd8+ Bf8
41. Rxd2 Qxd2 42. Qxc4 Qe1+ 43. Kg2 Qxe5 44. Qf7 Qe7 45. Qd5 Kg7 46. h4 Qd6 47.
Qb5 Be7 48. h5 g5 49. Qf5 Qc6+ 50. Kh2 Qf6 51. Qc2 Qf3 52. Qb2+ Bf6 0-1

[Event "18th American Continental"]
[Site "Foz do Iguacu BRA"]
[Date "2025.05.23"]
[Round "1.48"]
[White "Ribeiro, Matheus Mendes Domingues"]
[Black "Pereira Vera, Henry Alberto"]
[Result "1-0"]
[WhiteTitle "FM"]
[WhiteElo "2294"]
[BlackElo "1913"]
[WhiteFideId "324226923"]
[BlackFideId "4433270"]
[EventDate "2025.05.23"]

1. c4 e5 2. Nc3 Nf6 3. Nf3 Nc6 4. e4 Bb4 5. d3 d6 6. a3 Bxc3+ 7. bxc3 h6 8. g3
O-O 9. Bg2 Be6 10. O-O Qd7 11. Nh4 Bh3 12. f4 Bxg2 13. Kxg2 Rad8 14. Nf5 Kh7 15.
Qf3 Ng8 16. Ne3 Nce7 17. f5 f6 18. d4 exd4 19. cxd4 Nc6 20. Bb2 Rc8 21. Rae1 Na5
22. Bc3 Qa4 23. Bxa5 Qxa5 24. Nd5 Qd2+ 25. Kg1 Qa2 26. h4 1-0

[Event "18th American Continental"]
[Site "Foz do Iguacu BRA"]
[Date "2025.05.23"]
[Round "1.49"]
[White "Pessoa, Marcio de Souza"]
[Black "Piccoli, Lucas Fonseca"]
[Result "0-1"]
[WhiteElo "1912"]
[BlackElo "2284"]
[WhiteFideId "2127180"]
[BlackFideId "2190788"]
[EventDate "2025.05.23"]

1. d4 Nf6 2. Bf4 e6 3. Nf3 c5 4. e3 Qb6 5. Nc3 a6 6. Rb1 d5 7. Bd3 c4 8. Be2 Bb4
9. O-O O-O 10. Na4 Qa5 11. c3 Be7 12. b3 b5 13. bxc4 dxc4 14. Qc2 Nbd7 15. Nb2
Nd5 16. Nd1 Nxf4 17. exf4 Bb7 18. Ne3 Qc7 19. Ne5 Nf6 20. Bf3 Bxf3 21. gxf3 g6
22. Kh1 Nh5 23. Rg1 Nxf4 24. Rg4 f6 25. Nxg6 hxg6 26. Rxg6+ Kf7 27. Rbg1 Nd3 28.
Rg7+ Ke8 29. d5 Qf4 30. R1g3 Bc5 31. Qe2 Nxf2+ 32. Qxf2 Qxe3 33. Qxe3 Bxe3 34.
dxe6 Ra7 35. Rxa7 Bxa7 36. Rg7 Be3 37. Kg2 f5 38. Kg3 Rf6 39. e7 Bh6 40. Rh7
Rg6+ 41. Kh4 Bd2 42. Rh5 Rh6 43. Rxh6 Bxh6 44. Kh5 b4 0-1

[Event "18th American Continental"]
[Site "Foz do Iguacu BRA"]
[Date "2025.05.23"]
[Round "1.50"]
[White "Lopez Rayo, Santiago"]
[Black "Barrera Caicedo, Hubert"]
[Result "1-0"]
[WhiteTitle "FM"]
[WhiteElo "2282"]
[BlackElo "1910"]
[WhiteFideId "4455665"]
[BlackFideId "3908062"]
[EventDate "2025.05.23"]

1. e4 c5 2. Nf3 e6 3. d4 cxd4 4. Nxd4 a6 5. Bd3 Bc5 6. Nb3 Ba7 7. Qe2 Nc6 8. Be3
Bxe3 9. Qxe3 Nge7 10. Nc3 O-O 11. O-O-O b5 12. Kb1 b4 13. Na4 Qc7 14. f4 a5 15.
g4 Ng6 16. e5 Nce7 17. Be4 Bb7 18. Bxb7 Qxb7 19. Nbc5 Qc6 20. Rhf1 Nd5 21. Qd4
f5 22. exf6 Rxf6 23. f5 Raf8 24. Ne4 R6f7 25. Ng5 Rf6 26. Nc5 Ngf4 27. Rxf4 Nxf4
28. Nxd7 Rc8 29. Rc1 Ne2 30. Nxf6+ Kf8 31. Qa7 Rc7 32. Qxc7 Qxc7 33. Nxe6+ 1-0